The first 25 digits of e - Whammies - Statistics

General Stats
  • This quiz has been taken 13 times
  • The average score is 7 of 25
Answer Stats
Answer % Correct
2.
100%
1
64%
7
64%
8
55%
1
45%
2
45%
8
45%
8
45%
2
36%
8
36%
0
18%
4
18%
4
18%
5
18%
5
18%
9
18%
0
9%
2
9%
2
9%
3
9%
3
9%
5
9%
6
9%
7...
9%
8
9%
No matching quizzes found
Score Distribution
Percent of People with Each Score
Percentile by Number Answered
Your Score History
You have not taken this quiz